000 00841cam a2200229 a 4500
001 2471996
005 20180207032012.0
008 900913s1991 ncu bl 001 0 eng
010 _a 90053501
020 _a0899505481 (lib. bdg. : alk. paper)
040 _aDLC
_cDLC
_dDLC
041 _aeng
080 _a346.0134 LAN
082 0 0 _a346.0134 LAN
_a342.6134
_220
100 _a50
101 _aSOC
245 0 0 _aWomen's rights in international documents :
_c[compiled] by Winston E. Langley.
504 _aIncludes bibliographical references (p. 185-188) and index.
906 _a7
_bcbc
_corignew
_d1
_eocip
_f19
_gy-gencatlg
942 _2ddc
_cBK
999 _c41961
_d41961